US trade performance for September.
| Corporate Author: | |
|---|---|
| Format: | Book |
| Published: |
New York:
MATRADE New York,
2001.
|
| Subjects: |
| LEADER | 00460cam a2200145 7i4500 | ||
|---|---|---|---|
| 001 | 0000014263 | ||
| 005 | 20080328090000.0 | ||
| 090 | 0 | 0 | |a USA 380.1 |b UNI |
| 110 | 2 | 0 | |a Malaysia External Trade Organization Corporation(MATRADE) |
| 245 | 2 | 0 | |a US trade performance for September. |
| 260 | 0 | 0 | |a New York: |b MATRADE New York, |c 2001. |
| 300 | # | # | |a [n.p]. |
| 650 | 0 | 0 | |a Trade -- |z USA |
| 651 | 0 | 0 | |a United States of America |
| 999 | |a 0000014936 |b Book |c Countries |e Business Information Centre | ||